[Event "MAESTRO  OSCAR PANNO"]
[Site "SchemingMind.com"]
[Date "2013.06.06"]
[Round "-"]
[White "Scooter"]
[Black "emvarela"]
[Result "0-1"]
[WhiteCountry "USA"]
[BlackCountry "ARG"]
[WhiteElo "1756"]
[WhiteRD "49"]
[BlackElo "1761"]
[BlackRD "48"]
[GameID "332792"]

1. d4 Nf6 2. Nf3 e6 3. Bg5 c5 4. e3 Qb6 5. b3 Ne4 6. Bf4 d5 7. c3 cxd4 8. exd4 Nc6 9. Bd3 Bd6 10. Bxd6 Nxd6
11. O-O Bd7 12. Re1 O-O 13. Nbd2 h6 14. Ne5 Nxe5 15. Rxe5 Rac8 16. Rc1 f6 17. Re1 Nf7 18. Qg4 Qd6 19. Nf3 Be8 20. Rxe6 Qa3
21. Rxf6 Qxc1+ 22. Bf1 Qxc3
0-1

[Event "MAESTRO  OSCAR PANNO"]
[Site "SchemingMind.com"]
[Date "2013.06.06"]
[Round "-"]
[White "emvarela"]
[Black "Scooter"]
[Result "0-1"]
[WhiteCountry "ARG"]
[BlackCountry "USA"]
[WhiteElo "1741"]
[WhiteRD "47"]
[BlackElo "1747"]
[BlackRD "50"]
[GameID "332793"]

1. e4 c6 2. d4 d5 3. Nc3 dxe4 4. Nxe4 Bf5 5. Ng3 Bg6 6. h4 h6 7. Nf3 Nd7 8. h5 Bh7 9. Bd3 Bxd3 10. Qxd3 Qc7
11. Bd2 O-O-O 12. d5 c5 13. Qf5 Nf6 14. Bf4 Qa5+ 15. c3 Qb6 16. O-O Qxb2 17. Ne5 e6 18. dxe6 fxe6 19. Qxe6 Re8 20. Qb3 Qxb3
21. axb3 Nxe5 22. Rxa7 Nd3 23. Ra8+ Kd7 24. Rxe8 Kxe8 25. Be3 Bd6 26. Nf5 Bf8 27. Rd1 Ne5 28. Nd6+ Bxd6 29. Rxd6 Ke7 30. Rb6 Nxh5
31. Bxc5+ Kd7 32. Rd6+ Kc8 33. Bd4 Nc6 34. g4 Kc7 35. Rxc6+ bxc6 36. gxh5 Kd6 37. f4 Ke6 38. Kf2 Kf7 39. Kf3 Re8 40. f5 Re1
41. b4 Rf1+ 42. Kg4 Rc1 43. Kf4 Rc2 44. Kg4 Rg2+ 45. Kh3 Rg5 46. Kh4 Rxf5 47. Kg4 Rg5+ 48. Kh4 Ke6 49. Be3 Rg2 50. Kh3 Re2
51. Bd4 Kf7 52. Kg4 Re4+ 53. Kf5 Rh4 54. Ke5 Ke7 55. Bc5+ Kd7 56. Bd4 Rxh5+ 57. Kf4 Rh4+ 58. Kg3 Rxd4 59. cxd4 Kd6 60. Kf4 Kd5
0-1

[Event "MAESTRO  OSCAR PANNO"]
[Site "SchemingMind.com"]
[Date "2013.06.06"]
[Round "-"]
[White "kenneth m day"]
[Black "emvarela"]
[Result "0-1"]
[WhiteCountry "USA"]
[BlackCountry "ARG"]
[WhiteElo "1807"]
[WhiteRD "52"]
[BlackElo "1760"]
[BlackRD "50"]
[GameID "332802"]

1. e4 e5 2. Nf3 Nc6 3. c3 Nf6 4. d4 Nxe4 5. d5 Ne7 6. Nxe5 Ng6 7. Nxg6 hxg6 8. Bd3 Nf6 9. O-O Nxd5 10. Re1+ Be7
11. Bg5 O-O 12. Bxe7 Nxe7 13. Nd2 d5 14. Nf3 Bg4 15. h3 Bxf3 16. Qxf3 c6 17. Rad1 c5 18. b3 Qd7 19. Qe2 Rfe8 20. Bb5 Nc6
21. Qd2 a6 22. Be2 Rad8 23. Bf3 Rxe1+ 24. Rxe1 b5 25. Rd1 Ne7 26. Qf4 Qd6 27. Qg5 Qf6 28. Qe3 d4 29. cxd4 cxd4 30. Qe4 Nf5
31. Rd3 g5 32. g4 Nh4 33. Bh1 Qf4 34. Qxf4 gxf4 35. Bb7 Rd6 36. Kf1 a5 37. Be4 g5 38. f3 Kg7 39. Kf2 Ng6 40. Ke2 Ne7
41. Kd2 Kf6 42. Bb7 Ke5 43. Be4 f5 44. gxf5 Nxf5 45. Ke2 Ng3+ 46. Kf2 Nxe4+ 47. fxe4 Kxe4 48. Ke2 Rc6 49. Kd2 f3 50. a3 f2
51. Ke2 f1=Q+
0-1

[Event "MAESTRO  OSCAR PANNO"]
[Site "SchemingMind.com"]
[Date "2013.06.06"]
[Round "-"]
[White "kenneth m day"]
[Black "Scooter"]
[Result "0-1"]
[WhiteCountry "USA"]
[BlackCountry "USA"]
[WhiteElo "1770"]
[WhiteRD "52"]
[BlackElo "1729"]
[BlackRD "51"]
[GameID "332803"]

1. Nf3 Nf6 2. d4 g6 3. Nc3 Bg7 4. e4 d6 5. Bg5 O-O 6. Qd2 Nc6 7. Bh6 e5 8. Bxg7 Kxg7 9. O-O-O Bg4 10. Be2 exd4
11. Nxd4 Nxd4 12. Bxg4 Nxg4 13. Qxd4+ Kg8 14. f3 Ne5 15. h4 a6 16. h5 Qg5+ 17. Qd2 Qxd2+ 18. Rxd2 Nc4 19. Rd4 Ne3 20. g4 Ng2
21. hxg6 fxg6 22. Rh2 Nf4 23. Kd2 Ne6 24. Rd3 Nc5 25. Re3 Rf7 26. Nd5 Raf8 27. Rf2 Ne6 28. f4 c6 29. Nb6 Rxf4 30. Rxf4 Rxf4
31. Nd7 Nc5 32. Nxc5 dxc5 33. e5 Rxg4 34. e6 Kf8 35. e7+ Ke8 36. Kd3 Rd4+
0-1

[Event "MAESTRO  OSCAR PANNO"]
[Site "SchemingMind.com"]
[Date "2013.06.06"]
[Round "-"]
[White "emvarela"]
[Black "kenneth m day"]
[Result "0-1"]
[WhiteCountry "ARG"]
[BlackCountry "USA"]
[WhiteElo "1731"]
[WhiteRD "49"]
[BlackElo "1770"]
[BlackRD "52"]
[GameID "332804"]

1. e4 e5 2. Nf3 Nc6 3. d4 exd4 4. c3 dxc3 5. Bc4 d6 6. Nxc3 Nf6 7. O-O Be7 8. Re1 O-O 9. Bg5 Bg4 10. h3 Bd7
11. Bxf6 Bxf6 12. a3 Re8 13. Qb3 Be6 14. Bxe6 Rxe6 15. Qxb7 Na5 16. Qa6 c6 17. Qd3 Nb3 18. Rad1 Nc5 19. Nd4 Nxd3 20. Nxe6 fxe6
21. Rxd3 Qb6 22. Na4 Qb5 23. b3 Qxd3
0-1

[Event "MAESTRO  OSCAR PANNO"]
[Site "SchemingMind.com"]
[Date "2013.06.06"]
[Round "-"]
[White "Scooter"]
[Black "kenneth m day"]
[Result "1-0"]
[WhiteCountry "USA"]
[BlackCountry "USA"]
[WhiteElo "1729"]
[WhiteRD "51"]
[BlackElo "1770"]
[BlackRD "52"]
[GameID "332805"]

1. d4 g6 2. Nf3 Bg7 3. Bf4 d6 4. e3 Nd7 5. h3 e5 6. Bg3 Qe7 7. Be2 Nh6 8. c3 Nf5 9. Bh2 O-O 10. O-O b6
11. Nbd2 Bb7 12. dxe5 dxe5 13. Bc4 Rad8 14. Qc2 c5 15. Rfd1 e4 16. Ne1 Ne5 17. Be2 Nd3 18. Nxd3 exd3 19. Bxd3 Nh4 20. Be4 Rfe8
21. Bxb7 Qxb7 22. e4 f5 23. f3 fxe4 24. Nxe4 Nf5 25. Bf4 Rd5 26. Qb3 Rd8 27. Bg5 Rd7 28. g4 Nh6 29. Bxh6 Bxh6 30. Rxd5 Rxd5
31. Qxd5+
1-0

[Event "MAESTRO  OSCAR PANNO"]
[Site "SchemingMind.com"]
[Date "2013.06.06"]
[Round "-"]
[White "jnable"]
[Black "emvarela"]
[Result "1-0"]
[WhiteCountry "PHI"]
[BlackCountry "ARG"]
[WhiteElo "1798"]
[WhiteRD "95"]
[BlackElo "1741"]
[BlackRD "47"]
[GameID "332818"]

1. e4 e5 2. Nf3 Nc6 3. Bb5 a6 4. Ba4 Nf6 5. O-O Be7 6. Re1 b5 7. Bb3 O-O 8. c3 d5 9. exd5 Nxd5 10. d4 exd4
11. cxd4 Bg4 12. Be3 Bb4 13. Bd2 Bxd2 14. Nbxd2 Bxf3 15. Nxf3 Qd6 16. Rc1 Nce7 17. Re2 c6 18. Rec2 Rac8 19. Ne5 a5 20. a3 a4
21. Ba2 c5 22. Rxc5 b4 23. axb4 Rxc5 24. bxc5 Qc7 25. Qxa4 f6 26. Qd7 fxe5 27. Qxc7
1-0

[Event "MAESTRO  OSCAR PANNO"]
[Site "SchemingMind.com"]
[Date "2013.06.06"]
[Round "-"]
[White "jnable"]
[Black "Scooter"]
[Result "1-0"]
[WhiteCountry "PHI"]
[BlackCountry "USA"]
[WhiteElo "1868"]
[WhiteRD "130"]
[BlackElo "1729"]
[BlackRD "51"]
[GameID "332819"]

1. e4 c6 2. d4 d5 3. Nc3 dxe4 4. Nxe4 Bf5 5. Ng3 Bg6 6. h4 h6 7. Nf3 Nd7 8. h5 Bh7 9. Bd3 Bxd3 10. Qxd3 Qc7
11. Bd2 O-O-O 12. O-O-O Ngf6 13. Kb1 e6 14. Ne2 Be7 15. c4 Ng4 16. Be3 Ndf6 17. Qc2 Nxe3 18. fxe3 Ng4 19. Qa4 Nxe3 20. Rd3 Nxg2
21. Qxa7 f6 22. d5 exd5 23. cxd5 c5 24. Nc3 Nf4 25. Re3 Qb8 26. Qxb8+ Kxb8 27. Rxe7 Rhg8 28. Kc2 Nxd5 29. Nxd5 Rxd5 30. Nd2 Re5
31. Rxe5 fxe5 32. Re1 Re8 33. Ne4 b6 34. Rf1 Rd8 35. Rd1 Rxd1 36. Kxd1 Kc7 37. Ke2 Kc6 38. Kd3 Kd5 39. a4 c4+ 40. Ke3 Kc6
41. Nc3 Kd6 42. Ke4 Ke6 43. Nd5
1-0

[Event "MAESTRO  OSCAR PANNO"]
[Site "SchemingMind.com"]
[Date "2013.06.06"]
[Round "-"]
[White "jnable"]
[Black "kenneth m day"]
[Result "1-0"]
[WhiteCountry "PHI"]
[BlackCountry "USA"]
[WhiteElo "1810"]
[WhiteRD "90"]
[BlackElo "1758"]
[BlackRD "53"]
[GameID "332820"]

1. Nf3 g6 2. d4 Bg7 3. c4 d6 4. e4 Nd7 5. Nc3 e5 6. Be3 Ne7 7. Qd2 O-O 8. Bd3 exd4 9. Bxd4 Nf6 10. Nd5 c6
11. Nxf6+ Kh8 12. Qc3 c5 13. Be3 Nc6 14. Bg5 Nd4 15. Nxd4 Bxf6 16. Bxf6+ Qxf6 17. Nb5 Qxc3+ 18. bxc3 Rd8 19. O-O a6 20. Nc7 Ra7
21. Nd5 Be6 22. f4 Raa8 23. Rab1 Rab8 24. Ne3 b6 25. f5 Bc8 26. Nd5 g5 27. Nxb6 Bb7 28. f6 Bc6 29. Rf5 Re8 30. Rxg5 Bxe4
31. Bxe4 Rxe4 32. Rb2 Re3 33. Rg3 Re6 34. Rf3 Rbe8 35. h3 Re1+ 36. Kf2 h6 37. Nd5 R8e4 38. Rf4 Re5 39. Rg4 Rd1 40. Re2 Rf5+
41. Kg3 Rd3+ 42. Kh4 a5 43. Re8+
1-0

[Event "MAESTRO  OSCAR PANNO"]
[Site "SchemingMind.com"]
[Date "2013.06.07"]
[Round "-"]
[White "emvarela"]
[Black "jnable"]
[Result "1/2-1/2"]
[WhiteCountry "ARG"]
[BlackCountry "PHI"]
[WhiteElo "1760"]
[WhiteRD "50"]
[BlackElo "1771"]
[BlackRD "87"]
[GameID "332821"]

1. e4 e6 2. d4 d5 3. Nc3 Bb4 4. e5 c5 5. a3 Ba5 6. b4 cxb4 7. Nb5 bxa3+ 8. c3 Bc7 9. Nxc7+ Qxc7 10. Bb5+ Bd7
11. Bxd7+ Nxd7 12. Qb3 Nb6 13. Bxa3 Ne7 14. Bc5 O-O 15. Bxb6 axb6 16. Rb1 Ra6 17. Ne2 f6 18. f4 fxe5 19. dxe5 Ng6 20. g3 Rc8
21. Kd2 Qc4 22. Qxc4 Rxc4 23. Nd4 Kf7 24. Nb5 Rc6 25. Nd4 Rc5 26. Rb5 Rxb5 27. Nxb5 Ke7 28. Rc1 Ra4 29. Nd6 Kd7 30. Nxb7 d4
31. cxd4 Rxd4+ 32. Ke3 Rd5 33. Nd6 Ne7 34. Ke4 Rd2 35. h4 g6 36. Rc3 Nd5 37. Rd3 Ra2 38. Rb3 Ra4+ 39. Kf3 Rb4 40. Rxb4 Nxb4
41. Ne4 Nd5 42. Nf6+ Nxf6 43. exf6 h5 44. Ke4 b5 45. Kd4 b4 46. Kc4 Ke8 47. Kxb4 Kf7 48. Kc4 Kxf6 49. Kd4 Kf5 50. Ke3 Kg4
51. Kf2 Kf5= 52. Kf3 e5 53. fxe5 Kxe5 54. g4 hxg4+ 55. Kxg4=
1/2-1/2

[Event "MAESTRO  OSCAR PANNO"]
[Site "SchemingMind.com"]
[Date "2013.06.07"]
[Round "-"]
[White "Scooter"]
[Black "jnable"]
[Result "1-0"]
[WhiteCountry "USA"]
[BlackCountry "PHI"]
[WhiteElo "1747"]
[WhiteRD "50"]
[BlackElo "1798"]
[BlackRD "95"]
[GameID "332822"]

1. d4 f5 2. Nf3 Nf6 3. Bf4 d6 4. e3 Be6 5. Be2 h6 6. h3 Bf7 7. O-O Nbd7 8. Nbd2 c5 9. c3 b6 10. b3 Nd5
11. c4 Nxf4 12. exf4 cxd4 13. Nxd4 e5 14. fxe5 dxe5 15. Nxf5 g6 16. Ne3 Bg7 17. Ne4 O-O 18. Nd6 Be6 19. Rc1 Nf6 20. Nb5 Qe7
21. Qc2 Bf7 22. Bf3 Rac8 23. Qb2 e4 24. Be2 Nh5 25. Qc2 Nf4 26. Rfd1 Qg5 27. Bg4 Rce8 28. Nd6 Nd3 29. Nxe4 Rxe4 30. Rxd3 Be6
31. Bxe6+ Rxe6 32. Rcd1 Rfe8 33. Rd7 R6e7 34. Rxe7 Rxe7 35. Rd6 Kf7 36. h4 Qe5 37. Qxg6+ Kf8 38. Rd8+ Re8 39. Rxe8+ Qxe8 40. Qxe8+ Kxe8
41. Nf5 Bf8 42. g4 Kd7 43. h5 Ke6 44. f4 Kf6 45. Kf2 a6 46. Ke3 b5 47. cxb5 axb5 48. Kd4 b4 49. Nxh6
1-0

[Event "MAESTRO  OSCAR PANNO"]
[Site "SchemingMind.com"]
[Date "2013.06.07"]
[Round "-"]
[White "kenneth m day"]
[Black "jnable"]
[Result "0-1"]
[WhiteCountry "USA"]
[BlackCountry "PHI"]
[WhiteElo "1758"]
[WhiteRD "53"]
[BlackElo "1810"]
[BlackRD "90"]
[GameID "332823"]

1. e4 e5 2. Nf3 Nc6 3. c3 d5 4. Qa4 f6 5. Bb5 Qd6 6. exd5 Qxd5 7. O-O Bd7 8. Re1 Bd6 9. d4 Nge7 10. Bc4 Qa5
11. Qb3 O-O-O 12. Bd2 Qb6 13. dxe5 Nxe5 14. Nxe5 fxe5 15. Qxb6 axb6 16. a4 Bg4 17. h3 Bf5 18. Bg5 e4 19. Nd2 h6 20. Be3 Nc6
21. b4 Ne5 22. Bb3 Nd3 23. Red1 g5 24. Bc2 Be5 25. Bd4 Bxd4 26. cxd4 Rxd4 27. b5 Rhd8 28. Nb3 R4d6 29. Nd2 Nxf2 30. Kxf2 Rxd2+
31. Ke3 Rxc2 32. Rxd8+ Kxd8 33. Rd1+ Ke7 34. g4 Bg6 35. Rd2 Rxd2 36. Kxd2 Kd6 37. Ke3 Kc5
0-1

[Event "MAESTRO  OSCAR PANNO"]
[Site "SchemingMind.com"]
[Date "2013.06.07"]
[Round "-"]
[White "simpet"]
[Black "jnable"]
[Result "0-1"]
[WhiteCountry "ENG"]
[BlackCountry "PHI"]
[WhiteElo "1699"]
[WhiteRD "54"]
[BlackElo "1852"]
[BlackRD "203"]
[GameID "332857"]

1. e4 c5 2. Nf3 Nc6 3. d4 cxd4 4. Nxd4 d6 5. Bc4 Nf6 6. Nc3 a6 7. Nxc6 bxc6 8. e5 Ng4 9. exd6 Qxd6 10. Qxd6 exd6
11. Bg5 Be7 12. Bxe7 Kxe7 13. O-O Be6
0-1

[Event "MAESTRO  OSCAR PANNO"]
[Site "SchemingMind.com"]
[Date "2013.06.09"]
[Round "-"]
[White "simpet"]
[Black "emvarela"]
[Result "0-1"]
[WhiteCountry "ENG"]
[BlackCountry "ARG"]
[WhiteElo "1656"]
[WhiteRD "59"]
[BlackElo "1731"]
[BlackRD "49"]
[GameID "332858"]

1. e4 e5 2. Nf3 Nc6 3. Bc4 Nf6 4. Nc3 Nxe4 5. O-O Nxc3 6. bxc3 d5 7. Bb3 Bg4 8. Bb2 e4 9. Re1 Be7 10. d4 exf3
11. g3 Qd6 12. a4 O-O-O 13. Ba3 Qd7 14. Bxe7 Nxe7 15. a5 Bh5 16. a6 b6 17. Re5 Qh3 18. Qf1 Qxf1+ 19. Kxf1 Rd7 20. Rxh5 g6
21. Re5 Rhd8 22. Ba4 c6 23. Re3 b5 24. Bb3 Nf5 25. Rxf3 Re7 26. Re1 Rde8 27. Rxe7 Rxe7 28. h3 Kc7 29. g4 Nd6 30. Re3 Rxe3
31. fxe3 Ne4 32. Kg2 Nxc3 33. Kf3 g5 34. Kg3 Ne4+ 35. Kf3 Nd2+
0-1

[Event "MAESTRO  OSCAR PANNO"]
[Site "SchemingMind.com"]
[Date "2013.06.07"]
[Round "-"]
[White "simpet"]
[Black "Scooter"]
[Result "0-1"]
[WhiteCountry "ENG"]
[BlackCountry "USA"]
[WhiteElo "1699"]
[WhiteRD "54"]
[BlackElo "1740"]
[BlackRD "49"]
[GameID "332859"]

1. e4 c6 2. Bc4 d5 3. exd5 cxd5 4. Bb3 Nf6 5. Ne2 Bf5 6. d3 e6 7. O-O Nbd7 8. Nd4 Bg6 9. Bg5 Be7 10. Nd2 O-O
11. N2f3 h6 12. Bh4 a6 13. Re1 Nc5 14. Rc1 a5 15. a3 Re8 16. Ba2 Na4 17. Rb1 Nd7 18. Bxe7 Qxe7 19. c4 Nac5 20. Ra1 Nxd3
21. Re2 Nf4 22. Rd2 Nf6 23. Ne5 Be4 24. f3 Bh7 25. cxd5 N6xd5 26. Rc1 Ne3 27. Qb3 Nfxg2
0-1

[Event "MAESTRO  OSCAR PANNO"]
[Site "SchemingMind.com"]
[Date "2013.06.07"]
[Round "-"]
[White "simpet"]
[Black "kenneth m day"]
[Result "0-1"]
[WhiteCountry "ENG"]
[BlackCountry "USA"]
[WhiteElo "1688"]
[WhiteRD "56"]
[BlackElo "1768"]
[BlackRD "51"]
[GameID "332860"]

1. e4 e5 2. Nf3 Nc6 3. Bc4 Bc5 4. Nc3 Nf6 5. O-O O-O 6. Nxe5 Nxe5 7. d4 Nxc4 8. dxc5 Re8 9. f3 d6 10. b3 Ne5
11. cxd6 Qxd6 12. Qe1 Be6 13. Be3 a6 14. Rd1 Qc6 15. Qg3 Ng6 16. Bd4 Rad8 17. Bxf6 gxf6 18. Rxd8 Rxd8 19. f4 f5 20. Qg5 Qxc3
21. Qxd8+ Nf8 22. Qg5+ Kh8 23. e5 Ng6 24. Rd1 Qc5+ 25. Kf1 Qe7 26. Qh6 c6 27. c4 f6 28. exf6 Qxf6 29. g3 Qe7 30. a4 b5
31. axb5 axb5 32. cxb5 cxb5 33. b4 Bc4+ 34. Kg2 Qe2+
0-1

[Event "MAESTRO  OSCAR PANNO"]
[Site "SchemingMind.com"]
[Date "2013.06.07"]
[Round "-"]
[White "jnable"]
[Black "simpet"]
[Result "1-0"]
[WhiteCountry "PHI"]
[BlackCountry "ENG"]
[WhiteElo "1868"]
[WhiteRD "130"]
[BlackElo "1656"]
[BlackRD "59"]
[GameID "332861"]

1. c4 c5 2. Nc3 Nc6 3. Nf3 Nf6 4. g3 e6 5. Bg2 Bd6 6. O-O O-O 7. d4 b6 8. d5 exd5 9. cxd5 Ne5 10. e4 h6
11. b3 Ba6 12. Re1 Qc7 13. Bb2 Nd3 14. Re2 Ng4 15. Qc2 Nb4 16. Qd2 Bxe2 17. Nxe2 Rae8 18. a3 Na6 19. Rc1 f5 20. Qc3 Rf6
21. Qd3 fxe4 22. Qxa6 Rg6 23. Nh4 Rg5 24. Qc4 Nf6 25. Re1 Qb8 26. Bc1 Rh5 27. Nf4 b5 28. Qe2 Rhe5 29. Nhg6 Rg5 30. h4 Rg4
31. Bh3 Rxg6 32. Nxg6 Bxg3 33. Kg2 Bh2 34. Kh1 Kf7 35. h5 a6 36. Be3 Bd6 37. f3 Qb7 38. fxe4 Nxe4 39. Qf3+ Nf6 40. Bg2 a5
41. Qf5 c4 42. bxc4 bxc4 43. Nh4 Re5 44. Qg6+ Kg8 45. Nf5 Bf8 46. Nxh6+
1-0

[Event "MAESTRO  OSCAR PANNO"]
[Site "SchemingMind.com"]
[Date "2013.06.09"]
[Round "-"]
[White "emvarela"]
[Black "simpet"]
[Result "1-0"]
[WhiteCountry "ARG"]
[BlackCountry "ENG"]
[WhiteElo "1731"]
[WhiteRD "49"]
[BlackElo "1656"]
[BlackRD "59"]
[GameID "332862"]

1. e4 c5 2. Nf3 Nc6 3. d4 cxd4 4. Nxd4 e5 5. Nxc6 bxc6 6. Bc4 Bc5 7. O-O Nf6 8. Nc3 a5 9. Bg5 Ba6 10. Bxa6 Rxa6
11. Qd3 Rb6 12. Na4 h6 13. Bxf6 Qxf6 14. Nxc5 Qe7 15. Na4 Rb4 16. b3 O-O 17. c3 Rb5 18. Rad1 Rd8 19. c4 Rbb8 20. Qd6 Qh4
21. Nc5 f6 22. Nxd7 Kh8 23. Qe6 Rbc8 24. g3 Qg5 25. Qf5 Qxf5 26. exf5 Rc7 27. Nc5
1-0

[Event "MAESTRO  OSCAR PANNO"]
[Site "SchemingMind.com"]
[Date "2013.06.07"]
[Round "-"]
[White "Scooter"]
[Black "simpet"]
[Result "1-0"]
[WhiteCountry "USA"]
[BlackCountry "ENG"]
[WhiteElo "1740"]
[WhiteRD "49"]
[BlackElo "1699"]
[BlackRD "54"]
[GameID "332863"]

1. d4 Nf6 2. Nf3 e6 3. Bg5 Be7 4. e3 b6 5. Be2 Bb7 6. O-O O-O 7. Nbd2 Ne4 8. Bxe7 Qxe7 9. Nxe4 Bxe4 10. Bd3 Bb7
11. c4 d5 12. cxd5 Bxd5 13. b3 Nd7 14. Bc4 c6 15. Rc1 Qa3 16. Bxd5 cxd5 17. Rc7 Nf6 18. Qc2 h6 19. Rc1 Ne4 20. Ne5 Qa6
21. a4 Nd6 22. Qc6 Ne4 23. Qd7 Qe2 24. Rf1 Nd2 25. Rfc1 Nxb3 26. Nxf7 Nxc1 27. Nxh6+
1-0

[Event "MAESTRO  OSCAR PANNO"]
[Site "SchemingMind.com"]
[Date "2013.06.07"]
[Round "-"]
[White "kenneth m day"]
[Black "simpet"]
[Result "1-0"]
[WhiteCountry "USA"]
[BlackCountry "ENG"]
[WhiteElo "1768"]
[WhiteRD "51"]
[BlackElo "1688"]
[BlackRD "56"]
[GameID "332864"]

1. e4 c5 2. d4 d5 3. e5 Bf5 4. Nf3 e6 5. Bb5+ Nc6 6. O-O a6 7. Bxc6+ bxc6 8. c3 cxd4 9. cxd4 Bb4 10. Qa4 Qb6
11. a3 Be7 12. b4 Nh6 13. h3 O-O 14. Be3 Be4 15. Nbd2 Bxf3 16. Nxf3 Nf5 17. Rac1 Rac8 18. Rc3 Nh4 19. Nxh4 Bxh4 20. Rfc1 f5
21. Rxc6 Rxc6 22. Rxc6 Qd8 23. Rxe6 f4 24. Bd2 f3 25. g3 Bxg3 26. fxg3 f2+ 27. Kf1 Qc8 28. Qc6 Qxc6 29. Rxc6
1-0

[Event "MAESTRO  OSCAR PANNO"]
[Site "SchemingMind.com"]
[Date "2013.06.17"]
[Round "-"]
[White "zciwar"]
[Black "jnable"]
[Result "0-1"]
[WhiteCountry "POL"]
[BlackCountry "PHI"]
[WhiteElo "1824"]
[WhiteRD "90"]
[BlackElo "1798"]
[BlackRD "95"]
[GameID "333209"]

1. e4 c5 2. Nf3 Nc6 3. d4 cxd4 4. Nxd4 d6 5. c4 Nf6 6. Nc3 a6 7. Be2 e6 8. Be3 Be7 9. O-O O-O 10. Rc1 Bd7
11. Qd2 Rc8 12. Rfd1 Ne5 13. b3 Neg4 14. Bg5 h6 15. Bh4 Kh8 16. f4 e5
0-1

[Event "MAESTRO  OSCAR PANNO"]
[Site "SchemingMind.com"]
[Date "2013.06.15"]
[Round "-"]
[White "zciwar"]
[Black "emvarela"]
[Result "0-1"]
[WhiteCountry "POL"]
[BlackCountry "ARG"]
[WhiteElo "1824"]
[WhiteRD "90"]
[BlackElo "1741"]
[BlackRD "47"]
[GameID "333210"]

1. Nf3 Nf6 2. c4 g6 3. Nc3 Bg7 4. e4 d6 5. d4 O-O 6. Be2 Nbd7 7. h3 e5 8. d5 Nc5 9. Qc2 c6 10. Bg5 h6
11. Be3 a6 12. dxc6 bxc6 13. Rd1 Qc7 14. b4 Nb7 15. O-O Be6 16. Nd2 a5 17. a3 axb4 18. axb4 Nd7
0-1

[Event "MAESTRO  OSCAR PANNO"]
[Site "SchemingMind.com"]
[Date "2013.06.14"]
[Round "-"]
[White "zciwar"]
[Black "Scooter"]
[Result "1-0"]
[WhiteCountry "POL"]
[BlackCountry "USA"]
[WhiteElo "1964"]
[WhiteRD "105"]
[BlackElo "1740"]
[BlackRD "49"]
[GameID "333211"]

1. Nf3 Nf6 2. c4 g6 3. Nc3 Bg7 4. e4 d6 5. d4 O-O 6. Be2 e5 7. d5 a5 8. h3 Na6 9. Bg5 h6 10. Be3 Nc5
11. Nd2 Bd7 12. g4 c6 13. h4 cxd5 14. cxd5 Qc8 15. g5 Ng4 16. Bxc5 dxc5 17. Nc4 Ra7 18. Nb6
1-0

[Event "MAESTRO  OSCAR PANNO"]
[Site "SchemingMind.com"]
[Date "2013.06.14"]
[Round "-"]
[White "zciwar"]
[Black "kenneth m day"]
[Result "0-1"]
[WhiteCountry "POL"]
[BlackCountry "USA"]
[WhiteElo "1885"]
[WhiteRD "95"]
[BlackElo "1770"]
[BlackRD "52"]
[GameID "333212"]

1. e4 e5 2. Nf3 Nc6 3. Bb5 f5 4. Nc3 fxe4 5. Nxe4 Nf6 6. Nxf6+ Qxf6 7. Qe2 Be7 8. Bxc6 dxc6 9. Nxe5 O-O 10. O-O Bd6
11. d4 Bf5 12. f4 Rae8 13. Be3 Qh4 14. Rae1 Rf6
0-1

[Event "MAESTRO  OSCAR PANNO"]
[Site "SchemingMind.com"]
[Date "2013.06.14"]
[Round "-"]
[White "zciwar"]
[Black "simpet"]
[Result "1-0"]
[WhiteCountry "POL"]
[BlackCountry "ENG"]
[WhiteElo "1964"]
[WhiteRD "105"]
[BlackElo "1699"]
[BlackRD "54"]
[GameID "333213"]

1. Nf3 Nf6 2. c4 e6 3. Nc3 b6 4. g3 Bb7 5. Bg2 h6 6. O-O Bc5 7. d4 Bb4 8. Na4 O-O 9. a3 Bd6 10. b4 Ne4
11. Bb2 a6 12. Qc2 f5 13. Ne5 Bxe5 14. dxe5 Qg5 15. Nc3 Nc6 16. Nxe4 fxe4 17. Bxe4 Rab8 18. f4 Qe7 19. Bg2 a5 20. b5 Na7
21. a4 Qc5+ 22. Kh1 Rf5 23. e4 Rh5 24. Qe2 g6 25. Ba3 Qd4 26. Rad1
1-0

[Event "MAESTRO  OSCAR PANNO"]
[Site "SchemingMind.com"]
[Date "2013.06.18"]
[Round "-"]
[White "jnable"]
[Black "zciwar"]
[Result "0-1"]
[WhiteCountry "PHI"]
[BlackCountry "POL"]
[WhiteElo "1798"]
[WhiteRD "95"]
[BlackElo "1824"]
[BlackRD "90"]
[GameID "333214"]

1. e4 c5 2. Nf3 Nc6 3. b4 Nxb4 4. c3 Nc6 5. d4 cxd4 6. cxd4 d5 7. e5 Bg4 8. Be2 e6 9. Nc3 Bb4 10. Bb2 Bxf3
11. Bxf3 Qb6 12. O-O Qxd4 13. Na4 Qxd1 14. Rfxd1 b5 15. Nc3 a6 16. Ne2 Nge7 17. Rac1 Kd7 18. Bg4 Rac8 19. f4 h5 20. Bh3 g6
21. g3 Rc7 22. Kf1 Rhc8 23. Bg2 Ba5 24. Ba3 b4 25. Bb2 Nf5 26. Rd3 Bb6 27. h3 Ne3+ 28. Kg1 Nc4+ 29. Bd4 Nxd4 30. Nxd4 Nb2
31. Rxc7+ Rxc7 32. Rd2 Rc4 33. Rxb2 Bxd4+ 34. Rf2 Rc1+ 35. Bf1 a5
0-1

[Event "MAESTRO  OSCAR PANNO"]
[Site "SchemingMind.com"]
[Date "2013.06.15"]
[Round "-"]
[White "emvarela"]
[Black "zciwar"]
[Result "1-0"]
[WhiteCountry "ARG"]
[BlackCountry "POL"]
[WhiteElo "1741"]
[WhiteRD "47"]
[BlackElo "1824"]
[BlackRD "90"]
[GameID "333215"]

1. e4 c5 2. Nf3 Nc6 3. d4 cxd4 4. Nxd4 g6 5. c4 Bg7 6. Be3 Nf6 7. Nc3 O-O 8. Be2 d6 9. O-O Bd7 10. Qd2 Nxd4
11. Bxd4 Bc6 12. f3 a5 13. Rac1 Nd7 14. Bxg7 Kxg7 15. Qd4+ Kg8 16. f4 a4 17. Bf3 Qa5 18. f5 Qc5 19. Qxc5 Nxc5 20. Nd5 Bxd5
21. cxd5 g5 22. g4
1-0

[Event "MAESTRO  OSCAR PANNO"]
[Site "SchemingMind.com"]
[Date "2013.06.14"]
[Round "-"]
[White "Scooter"]
[Black "zciwar"]
[Result "0-1"]
[WhiteCountry "USA"]
[BlackCountry "POL"]
[WhiteElo "1740"]
[WhiteRD "49"]
[BlackElo "1964"]
[BlackRD "105"]
[GameID "333216"]

1. d4 Nf6 2. Nf3 e6 3. Bg5 c5 4. c3 b6 5. e3 Be7 6. Nbd2 O-O 7. Be2 d6 8. O-O Bb7 9. Re1 Nbd7 10. Rc1 Rc8
11. Qb3 Qc7 12. h3 cxd4 13. cxd4 Qxc1 14. Rxc1 Rxc1+ 15. Kh2 Rc7 16. Nc4 Rfc8 17. Bf4 Ne4 18. Kg1 Ndf6 19. Bd3 Bd5
0-1

[Event "MAESTRO  OSCAR PANNO"]
[Site "SchemingMind.com"]
[Date "2013.06.14"]
[Round "-"]
[White "kenneth m day"]
[Black "zciwar"]
[Result "1-0"]
[WhiteCountry "USA"]
[BlackCountry "POL"]
[WhiteElo "1770"]
[WhiteRD "52"]
[BlackElo "1885"]
[BlackRD "95"]
[GameID "333217"]

1. e4 c5 2. d4 cxd4 3. c3 dxc3 4. Nxc3 d6 5. Nf3 Nd7 6. Bc4 Ngf6 7. Qe2 e6 8. O-O a6 9. Rd1 b5 10. Bb3 Bb7
11. Bg5 h6 12. Bh4 g5 13. Bg3 b4 14. Na4 Nxe4 15. Rac1 Rc8 16. Rc4 Rxc4 17. Bxc4 Qa5 18. b3
1-0

[Event "MAESTRO  OSCAR PANNO"]
[Site "SchemingMind.com"]
[Date "2013.06.14"]
[Round "-"]
[White "simpet"]
[Black "zciwar"]
[Result "0-1"]
[WhiteCountry "ENG"]
[BlackCountry "POL"]
[WhiteElo "1699"]
[WhiteRD "54"]
[BlackElo "1964"]
[BlackRD "105"]
[GameID "333218"]

1. e4 c5 2. Nf3 Nc6 3. d4 cxd4 4. Nxd4 g6 5. Bc4 Bg7 6. Nc3 Bxd4 7. O-O d6 8. Be3 Bxe3 9. fxe3 Ne5 10. Qd5 Nf6
11. Qb5+ Bd7 12. Qb4 Qb6 13. Qxb6 axb6 14. Bb3 Bc6 15. Rf4 g5 16. Rf5 Rg8 17. Nd5 Bxd5 18. exd5 Ra5 19. c4 g4 20. a3 g3
21. h3 Rg6 22. Bc2 h6 23. b3 Rg5 24. b4 Ra8 25. Rf4 b5 26. c5 Nxd5 27. Rd4 Nxe3
0-1